[Event "Oberliga Nord N 2122"]
[Site "Germany"]
[Date "2022.05.29"]
[Round "5.3"]
[White "Reichmann, Hendrik"]
[Black "Schulenburg, Fabian"]
[Result "1/2-1/2"]
[WhiteElo "2348"]
[BlackElo "2293"]
[PlyCount "114"]
[EventDate "2021.10.31"]
[EventType "team-tourn"]
[EventRounds "9"]
[EventCountry "GER"]
[SourceTitle "EXT 2024"]
[Source "ChessBase"]
[SourceDate "2023.10.10"]
[SourceVersion "1"]
[SourceVersionDate "2023.10.10"]
[SourceQuality "1"]
[WhiteTeam "Schwerin"]
[BlackTeam "Hamburg Diogenes"]
[WhiteTeamCountry "GER"]
[BlackTeamCountry "GER"]

1. d4 d5 2. Bf4 Nf6 3. e3 e6 4. Nd2 Bd6 5. Bg3 Bxg3 6. hxg3 Nbd7 7. Ngf3 Qe7 8. c4 e5 9. cxd5 Nxd5 10. Qb3 c6 11. Bc4 exd4 12. Nxd4 Nc5 13. Qc2 Nb4 14. Qb1 h5 15. a3 Nd5 16. Qc2 Nf6 17. Be2 g6 18. Bf3 Bd7 19. Rc1 Ne6 20. Nxe6 Qxe6 21. Qc5 Qe7 22. Qd4 0-0 23. Qf4 Bg4 24. Qg5 Bxf3 25. gxf3 Rfe8 26. 0-0 Rad8 27. e4 Rd3 28. Kg2 Nh7 29. Qxe7 Rxe7 30. Nc4 Ng5 31. Rc3 Red7 32. Rfc1 Nxf3 33. Rxd3 Rxd3 34. Na5 Ng5 35. e5 Rd7 36. Rc4 Ne6 37. b4 Kf8 38. f4 Nd8 39. Rc3 Ke7 40. Nc4 Rd5 41. Kf3 f6 42. Ke4 fxe5 43. Nxe5 Kf6 44. g4 Nf7 45. g5+ Kg7 46. Nd3 Nd6+ 47. Ke3 Nf5+ 48. Kf2 Ne7 49. Nc5 b6 50. Nd3 Kf8 51. Kf3 Ke8 52. Ne5 Rd6 53. Ke4 Re6 54. Rd3 Nc8 55. Kf3 Ne7 56. Ke4 Nf5 57. Rc3 Ne7 1/2-1/2

[Event "Oberliga Nord N 2122"]
[Site "Germany"]
[Date "2022.04.03"]
[Round "8.2"]
[White "Schulenburg, Fabian"]
[Black "Von Gleich, Alexander"]
[Result "1/2-1/2"]
[WhiteElo "2312"]
[BlackElo "2331"]
[PlyCount "24"]
[EventDate "2021.10.31"]
[EventType "team-tourn"]
[EventRounds "9"]
[EventCountry "GER"]
[SourceTitle "EXT 2023"]
[Source "ChessBase"]
[SourceDate "2022.10.05"]
[SourceVersion "1"]
[SourceVersionDate "2022.10.05"]
[SourceQuality "1"]
[WhiteTeam "Hamburg Diogenes"]
[BlackTeam "Johanneum Eppendorf"]
[WhiteTeamCountry "GER"]
[BlackTeamCountry "GER"]

1. e4 c5 2. Nf3 e6 3. b3 b6 4. Bb2 Bb7 5. Nc3 a6 6. g3 Nf6 7. Qe2 Qc7 8. Bg2 Nc6 9. 0-0 d6 10. Nd1 Be7 11. d3 0-0 12. Ne3 Rac8 1/2-1/2

[Event "Oberliga Nord N 2122"]
[Site "Germany"]
[Date "2021.10.31"]
[Round "1.3"]
[White "Kugler, Florian"]
[Black "Schulenburg, Fabian"]
[Result "1/2-1/2"]
[WhiteElo "2233"]
[BlackElo "2293"]
[PlyCount "114"]
[EventDate "2021.10.31"]
[EventType "team-tourn"]
[EventRounds "9"]
[EventCountry "GER"]
[SourceTitle "EXT 2023"]
[Source "ChessBase"]
[SourceDate "2022.10.05"]
[SourceVersion "1"]
[SourceVersionDate "2022.10.05"]
[SourceQuality "1"]
[WhiteTeam "Hamburger SK III"]
[BlackTeam "Hamburg Diogenes"]
[WhiteTeamCountry "GER"]
[BlackTeamCountry "GER"]

1. c4 e5 2. Nc3 Nf6 3. g3 d5 4. cxd5 Nxd5 5. Bg2 Nb6 6. Nf3 Nc6 7. d3 Be7 8. Be3 0-0 9. a3 Be6 10. 0-0 Nd5 11. Nxd5 Bxd5 12. Rc1 f6 13. Qa4 a6 14. Rfd1 Qd7 15. Nd2 Bxg2 16. Kxg2 Qd5+ 17. f3 Rfc8 18. Qb3 Qxb3 19. Nxb3 Nd8 20. d4 exd4 21. Nxd4 Kf7 22. Nf5 Nc6 23. h4 Rd8 24. Bf4 Rxd1 25. Rxd1 Rd8 26. Rc1 Rd7 27. Nxe7 Kxe7 28. Kf2 Ne5 29. Bxe5 fxe5 30. Ke3 Ke6 31. Rc4 c6 32. f4 exf4+ 33. Rxf4 Rd1 34. Re4+ Kf6 35. Rf4+ Ke6 36. Re4+ Kf6 37. Rb4 Rd7 38. Rf4+ Ke5 39. Re4+ Kf6 40. Rf4+ Ke5 41. g4 c5 42. Rf5+ Kd6 43. h5 h6 44. Kf4 b5 45. e4 Rc7 46. Ke3 a5 47. Rf8 c4 48. Rb8 c3 49. bxc3 Rxc3+ 50. Kd4 Rc4+ 51. Kd3 Rc5 52. Kd4 Rg5 53. Ra8 b4 54. axb4 axb4 55. Rb8 Rxg4 56. Rxb4 Rg5 57. Rb7 Kc6 1/2-1/2

[Event "Oberliga Nord N 1819"]
[Site "Germany"]
[Date "2019.02.03"]
[Round "6.2"]
[White "Schulenburg, Fabian"]
[Black "Zart, Ruediger"]
[Result "1-0"]
[WhiteElo "2241"]
[BlackElo "2159"]
[PlyCount "131"]
[EventDate "2018.10.21"]
[EventType "team-tourn"]
[EventRounds "9"]
[EventCountry "GER"]
[SourceTitle "EXT 2020"]
[Source "ChessBase"]
[SourceDate "2019.10.17"]
[SourceVersion "1"]
[SourceVersionDate "2019.10.17"]
[SourceQuality "1"]
[WhiteTeam "Hamburg Diogenes"]
[BlackTeam "Johanneum Eppendorf"]
[WhiteTeamCountry "GER"]
[BlackTeamCountry "GER"]

1. e4 c6 2. Nc3 d5 3. Nf3 Bg4 4. h3 Bxf3 5. Qxf3 Nf6 6. d3 e6 7. Be2 Nbd7 8. 0-0 g6 9. d4 Bg7 10. e5 Ng8 11. Bd3 Ne7 12. Ne2 c5 13. c3 Nc6 14. Be3 0-0 15. Qg3 Rc8 16. Rac1 cxd4 17. cxd4 Qb6 18. b3 Nb4 19. Bb1 Qa6 20. Rxc8 Rxc8 21. Rc1 Rxc1+ 22. Nxc1 Qc6 23. Bd2 Qb6 24. Qc3 Nc6 25. Ne2 f6 26. exf6 Bxf6 27. Be3 Qb4 28. Qxb4 Nxb4 29. Kf1 Kf7 30. Ke1 Nc6 31. Kd2 e5 32. dxe5 Bxe5 33. h4 Nf6 34. f3 d4 35. Bf2 Nd5 36. a3 Nf4 37. Nxf4 Bxf4+ 38. Kd3 Bc1 39. a4 Bb2 40. Ke4 Ke6 41. Bd3 Kd6 42. g4 h6 43. f4 Ke6 44. Bb5 Ne7 45. Bxd4 Bxd4 46. Kxd4 h5 47. Be2 hxg4 48. Bxg4+ Kd6 49. Ke4 Nd5 50. f5 gxf5+ 51. Kxf5 Ne3+ 52. Kg5 Ke7 53. Bf3 b6 54. h5 Kf7 55. Be4 Nd1 56. h6 Kg8 57. Kf4 Nc3 58. Ke3 Na2 59. Kd4 Nb4 60. Kc4 Na2 61. Bc2 a6 62. Bd3 b5+ 63. axb5 axb5+ 64. Kxb5 Nc1 65. Bc4+ Kh7 66. b4 1-0

[Event "Oberliga Nord N 1819"]
[Site "Germany"]
[Date "2019.01.20"]
[Round "5.2"]
[White "Schulenburg, Fabian"]
[Black "Danielsen, Henrik"]
[Result "1/2-1/2"]
[WhiteElo "2241"]
[BlackElo "2504"]
[PlyCount "93"]
[EventDate "2018.10.21"]
[EventType "team-tourn"]
[EventRounds "9"]
[EventCountry "GER"]
[SourceTitle "EXT 2020"]
[Source "ChessBase"]
[SourceDate "2019.10.17"]
[SourceVersion "1"]
[SourceVersionDate "2019.10.17"]
[SourceQuality "1"]
[WhiteTeam "Hamburg Diogenes"]
[BlackTeam "Schwerin SF"]
[WhiteTeamCountry "GER"]
[BlackTeamCountry "GER"]

1. e4 c5 2. Nf3 g6 3. d4 cxd4 4. Nxd4 Bg7 5. Be3 Nf6 6. Nc3 Nc6 7. Bc4 0-0 8. Bb3 d6 9. h3 Bd7 10. 0-0 Na5 11. Qd2 Rc8 12. Bh6 Nc4 13. Bxc4 Rxc4 14. Bxg7 Kxg7 15. Qd3 Rc5 16. Rfe1 a6 17. Nb3 Rc8 18. Nd5 Bb5 19. Qd2 e5 20. Nxf6 Qxf6 21. a4 Bd7 22. Qd3 Be6 23. Nd2 Qg5 24. Re3 Rc6 25. c4 Kh8 26. Rg3 Qh6 27. Rf1 f5 28. exf5 Rxf5 29. b3 Rf4 30. Ne4 Bf5 31. Re3 Qf8 32. Qd5 Qb8 33. Rd1 Bxe4 34. Rxe4 Rf6 35. f4 Rc5 36. Qd2 a5 37. fxe5 dxe5 38. Qg5 Rd6 39. Rf1 Qe8 40. Rfe1 Re6 41. Rd1 Qe7 42. Rd8+ Kg7 43. Qd2 Rc7 44. Rd5 b6 45. Qe2 Rc5 46. Rd3 Rd6 47. Rde3 1/2-1/2

[Event "Oberliga Nord N 1819"]
[Site "Germany"]
[Date "2018.11.25"]
[Round "3.2"]
[White "Schulenburg, Fabian"]
[Black "Bokelbrink, Uwe"]
[Result "1-0"]
[WhiteElo "2241"]
[BlackElo "2307"]
[PlyCount "101"]
[EventDate "2018.10.21"]
[EventType "team-tourn"]
[EventRounds "9"]
[EventCountry "GER"]
[SourceTitle "EXT 2020"]
[Source "ChessBase"]
[SourceDate "2019.10.17"]
[SourceVersion "1"]
[SourceVersionDate "2019.10.17"]
[SourceQuality "1"]
[WhiteTeam "Hamburg Diogenes"]
[BlackTeam "Hamburg Schachfreunde"]
[WhiteTeamCountry "GER"]
[BlackTeamCountry "GER"]

1. e4 c5 2. Nf3 e6 3. d4 cxd4 4. Nxd4 Nf6 5. Nc3 Nc6 6. Ndb5 d6 7. Bf4 e5 8. Bg5 a6 9. Na3 b5 10. Nd5 Be7 11. Bxf6 Bxf6 12. c3 0-0 13. Nc2 Bg5 14. a4 bxa4 15. Rxa4 a5 16. Bc4 Rb8 17. b3 Kh8 18. Nce3 Ne7 19. Nxe7 Qxe7 20. Nf5 Bxf5 21. exf5 e4 22. 0-0 Qe5 23. Qd5 Qxd5 24. Bxd5 Bd2 25. Rxa5 Bxc3 26. Ra4 Bb4 27. Rd1 g6 28. Bxe4 Bc5 29. Bd5 Kg7 30. fxg6 fxg6 31. Ra2 Rb4 32. g3 Re8 33. Kf1 Kf6 34. Bc4 Rbb8 35. Rd3 Re5 36. Rf3+ Rf5 37. Rxf5+ Kxf5 38. Re2 Ra8 39. Kg2 Ra1 40. Re7 h5 41. Rf7+ Ke5 42. h4 Rd1 43. Rf3 Ke4 44. Rf4+ Ke5 45. Bf7 d5 46. Bxg6 d4 47. Bxh5 Rd2 48. Rf3 d3 49. Bg6 Kd4 50. h5 Kc3 51. h6 1-0

[Event "Oberliga Nord N 1617"]
[Site "Germany"]
[Date "2017.05.07"]
[Round "9.2"]
[White "Riess, Alexander"]
[Black "Schulenburg, Fabian"]
[Result "1/2-1/2"]
[WhiteElo "2173"]
[BlackElo "2237"]
[PlyCount "87"]
[EventDate "2016.10.16"]
[EventType "team-tourn"]
[EventRounds "9"]
[EventCountry "GER"]
[SourceTitle "EXT 2018"]
[Source "ChessBase"]
[SourceDate "2017.10.13"]
[SourceVersion "1"]
[SourceVersionDate "2017.10.13"]
[SourceQuality "1"]
[WhiteTeam "Luebeck"]
[BlackTeam "Hamburg Diogenes"]
[WhiteTeamCountry "GER"]
[BlackTeamCountry "GER"]

1. d4 d5 2. c4 c6 3. Nf3 Nf6 4. Nc3 dxc4 5. a4 Bf5 6. e3 e6 7. Bxc4 Nbd7 8. 0-0 Bd6 9. Qe2 e5 10. Nh4 Be6 11. Bxe6 fxe6 12. dxe5 Nxe5 13. f4 Nf7 14. e4 Bc5+ 15. Kh1 0-0 16. Nf3 Qe7 17. e5 Nd5 18. a5 Qd7 19. Bd2 Nh6 20. Ng5 Nf5 21. Qh5 h6 22. Nge4 Be7 23. Rad1 Rad8 24. Bc1 Qe8 25. Qe2 Qg6 26. g4 Nh4 27. Rde1 Bb4 28. a6 b6 29. h3 Rd7 30. Qf2 Be7 31. Be3 Nb4 32. Rd1 Nd3 33. Qe2 Rfd8 34. Nd6 Bxd6 35. Qxd3 Bb4 36. Qxg6 Nxg6 37. Rxd7 Rxd7 38. Rd1 Rxd1+ 39. Nxd1 c5 40. Nf2 Ne7 41. Kg2 Nd5 42. Kf3 Nc7 43. f5 Nxa6 44. fxe6 1/2-1/2

[Event "Oberliga Nord N 1617"]
[Site "Germany"]
[Date "2017.02.05"]
[Round "5.2"]
[White "Schulenburg, Fabian"]
[Black "Kesten, Sebastian"]
[Result "1/2-1/2"]
[WhiteElo "2237"]
[BlackElo "2275"]
[PlyCount "36"]
[EventDate "2016.10.16"]
[EventType "team-tourn"]
[EventRounds "9"]
[EventCountry "GER"]
[SourceTitle "EXT 2018"]
[Source "ChessBase"]
[SourceDate "2017.10.13"]
[SourceVersion "1"]
[SourceVersionDate "2017.10.13"]
[SourceQuality "1"]
[WhiteTeam "Hamburg Diogenes"]
[BlackTeam "Schwerin"]
[WhiteTeamCountry "GER"]
[BlackTeamCountry "GER"]

1. e4 c5 2. Nf3 Nc6 3. Bb5 d6 4. 0-0 Bd7 5. Re1 Nf6 6. c3 a6 7. Bf1 Bg4 8. h3 Bh5 9. g4 Bg6 10. d4 e5 11. d5 Nb8 12. Nbd2 Be7 13. a4 0-0 14. a5 Nbd7 15. Bc4 h6 16. Qe2 Nh7 17. Bd3 Ng5 18. Kg2 Nxf3 1/2-1/2

[Event "GER CupT 1617 prel3"]
[Site "Elmshorn"]
[Date "2017.01.29"]
[Round "2.3"]
[White "Mueller, Nick"]
[Black "Schulenburg, Fabian"]
[Result "1/2-1/2"]
[WhiteElo "2203"]
[BlackElo "2223"]
[PlyCount "106"]
[EventDate "2017.01.28"]
[EventType "team-k.o."]
[EventRounds "2"]
[EventCountry "GER"]
[SourceTitle "EXT 2019"]
[Source "ChessBase"]
[SourceDate "2018.10.10"]
[SourceVersion "1"]
[SourceVersionDate "2018.10.10"]
[SourceQuality "1"]
[WhiteTeam "Greifswald"]
[BlackTeam "Hamburg Diogenes"]
[WhiteTeamCountry "GER"]
[BlackTeamCountry "GER"]

1. d4 Nf6 2. Nf3 d5 3. Bf4 Bf5 4. c4 c6 5. Qb3 Qb6 6. c5 Qxb3 7. axb3 Nbd7 8. Nc3 a6 9. b4 Rc8 10. h3 e6 11. Nd2 Be7 12. Nb3 Bd8 13. e3 Bc7 14. Bxc7 Rxc7 15. b5 Bc2 16. b6 Rc8 17. Na5 Rb8 18. Bxa6 bxa6 19. Nxc6 Bd3 20. Kd2 Bc4 21. Nxb8 Nxb8 22. f3 Kd7 23. Rhb1 Nc6 24. b3 Bb5 25. Nxb5 axb5 26. Ra6 Rb8 27. Rba1 Kc8 28. b4 Nd7 29. Kc3 Kb7 30. g4 h6 31. R6a2 g5 32. h4 gxh4 33. Rh2 e5 34. dxe5 Ndxe5 35. Rxh4 Nxf3 36. Rxh6 Re8 37. Kd3 Nfe5+ 38. Kd2 Nxg4 39. Rh7 Re7 40. Rf1 Nge5 41. Kc3 Rd7 42. Rf4 Rd8 43. Rh5 Ra8 44. Rff5 Re8 45. Rh6 Re7 46. Rh7 Kc8 47. Rh8+ Kd7 48. Rh6 Kc8 49. Rh8+ Kb7 50. Rh7 Re6 51. Rhh5 Kc8 52. Rh8+ Kd7 53. Rg5 Ke7 1/2-1/2

[Event "GER CupT 1617 prel3"]
[Site "Elmshorn"]
[Date "2017.01.28"]
[Round "1.2"]
[White "Schulenburg, Fabian"]
[Black "Lutzke, Wim"]
[Result "1-0"]
[WhiteElo "2223"]
[BlackElo "2093"]
[PlyCount "81"]
[EventDate "2017.01.28"]
[EventType "team-k.o."]
[EventRounds "2"]
[EventCountry "GER"]
[SourceTitle "EXT 2019"]
[Source "ChessBase"]
[SourceDate "2018.10.10"]
[SourceVersion "1"]
[SourceVersionDate "2018.10.10"]
[SourceQuality "1"]
[WhiteTeam "Hamburg Diogenes"]
[BlackTeam "Elmshorn"]
[WhiteTeamCountry "GER"]
[BlackTeamCountry "GER"]

1. e4 Nc6 2. Nc3 e5 3. g3 Nf6 4. Bg2 Bc5 5. Nge2 a6 6. 0-0 d6 7. h3 Be6 8. Nd5 Bxd5 9. exd5 Ne7 10. d4 exd4 11. Nxd4 h6 12. c4 0-0 13. b3 Qd7 14. Qd3 c6 15. dxc6 bxc6 16. Bb2 d5 17. Rac1 Bd6 18. cxd5 cxd5 19. Rc2 Rfe8 20. Rfc1 Ng6 21. Qf5 Qxf5 22. Nxf5 Be5 23. Rd1 Rad8 24. Bxe5 Rxe5 25. Ne3 Ne7 26. Rd3 Re6 27. Kf1 g6 28. Rc5 Red6 29. Ke2 Kf8 30. Nc2 Nc6 31. Ne3 Ne7 32. Kd2 Ne4+ 33. Bxe4 dxe4 34. Rxd6 Rxd6+ 35. Kc3 Rd3+ 36. Kb4 Rd6 37. Ka5 Nc6+ 38. Kxa6 Nb4+ 39. Kb5 Nxa2 40. Rc2 Rd3 41. Kc4 1-0

[Event "Oberliga Nord N 1516"]
[Site "Germany"]
[Date "2016.01.31"]
[Round "6.2"]
[White "Schulenburg, Fabian"]
[Black "Feuerstack, Aljoscha"]
[Result "0-1"]
[WhiteElo "2221"]
[BlackElo "2454"]
[PlyCount "96"]
[EventDate "2015.09.20"]
[EventType "team-tourn"]
[EventRounds "9"]
[EventCountry "GER"]
[SourceTitle "EXT 2017"]
[Source "ChessBase"]
[SourceDate "2016.10.25"]
[SourceVersion "1"]
[SourceVersionDate "2016.10.25"]
[SourceQuality "1"]
[WhiteTeam "Hamburg Diogenes"]
[BlackTeam "St Pauli"]
[WhiteTeamCountry "GER"]
[BlackTeamCountry "GER"]

1. e4 c5 2. Nf3 e6 3. b3 b6 4. Bb2 Bb7 5. d3 Nc6 6. g3 d5 7. Nbd2 Nf6 8. Bg2 Be7 9. 0-0 0-0 10. Re1 Qc7 11. c3 dxe4 12. dxe4 Rad8 13. Qc2 Ng4 14. Rad1 Ba6 15. Bf1 Bxf1 16. Rxf1 Rd7 17. Nc4 b5 18. Rxd7 Qxd7 19. Rd1 Qc7 20. Na3 a6 21. c4 b4 22. Nb1 Bf6 23. h3 Ne3 24. fxe3 Qxg3+ 25. Qg2 Qxg2+ 26. Kxg2 Bxb2 27. Rd6 Rc8 28. Nbd2 Rc7 29. e5 Kf8 30. Ne4 Ke7 31. Rd2 Bc3 32. Rc2 Nxe5 33. Nxc3 Nxf3 34. Kxf3 bxc3 35. Rxc3 Rd7 36. Rc2 Rd1 37. Rb2 a5 38. a3 Rh1 39. Kg3 Ra1 40. a4 Rd1 41. Kf3 f5 42. Rc2 Rd3 43. Rb2 e5 44. Ke2 e4 45. Rb1 Kf6 46. Rb2 g5 47. Rb1 Ke5 48. Rb2 f4 0-1

[Event "Oberliga Nord N 1516"]
[Site "Germany"]
[Date "2015.10.11"]
[Round "2.2"]
[White "Schulenburg, Fabian"]
[Black "Schulz, Karsten"]
[Result "1/2-1/2"]
[WhiteElo "2226"]
[BlackElo "2290"]
[PlyCount "45"]
[EventDate "2015.09.20"]
[EventType "team-tourn"]
[EventRounds "9"]
[EventCountry "GER"]
[SourceTitle "CBM 170 Extra"]
[Source "ChessBase"]
[SourceDate "2016.02.25"]
[SourceVersion "1"]
[SourceVersionDate "2016.02.25"]
[SourceQuality "1"]
[WhiteTeam "Hamburg Diogenes"]
[BlackTeam "Schwerin"]
[WhiteTeamCountry "GER"]
[BlackTeamCountry "GER"]

1. e4 g6 2. d4 Bg7 3. g3 d6 4. Bg2 Nf6 5. Ne2 0-0 6. 0-0 e5 7. c3 Nc6 8. h3 a6 9. Be3 h6 10. Nd2 d5 11. dxe5 Nxe4 12. f4 f5 13. Nxe4 dxe4 14. Qb3+ Rf7 15. Rfd1 Qe8 16. Nd4 Nxd4 17. Rxd4 Be6 18. c4 Bf8 19. Rd2 Qc6 20. Bf1 Be7 21. Qc3 b6 22. b4 Kh7 23. h4 1/2-1/2

[Event "Oberliga Nord N 1415"]
[Site "Germany"]
[Date "2015.02.22"]
[Round "7.3"]
[White "Schulenburg, Fabian"]
[Black "Grahl, Arvid"]
[Result "1-0"]
[WhiteElo "2217"]
[BlackElo "2198"]
[PlyCount "107"]
[EventDate "2014.09.21"]
[EventType "team-tourn"]
[EventRounds "9"]
[EventCountry "GER"]
[SourceTitle "EXT 2016"]
[Source "ChessBase"]
[SourceDate "2015.10.08"]
[SourceVersion "1"]
[SourceVersionDate "2015.10.08"]
[SourceQuality "1"]
[WhiteTeam "Hamburg Diogenes"]
[BlackTeam "Schwerin II"]
[WhiteTeamCountry "GER"]
[BlackTeamCountry "GER"]

1. e4 d6 2. d4 Nf6 3. Nc3 g6 4. g3 Bg7 5. Bg2 0-0 6. Nge2 e5 7. 0-0 Nc6 8. dxe5 dxe5 9. Be3 Be6 10. h3 Qc8 11. Kh2 Rd8 12. Qc1 Nd4 13. g4 Bc4 14. Re1 h5 15. f3 Qe6 16. Ng1 a5 17. b3 Ba6 18. Nd1 b5 19. c3 Nc6 20. Bf1 b4 21. Nb2 Bf8 22. Bxa6 Rxa6 23. c4 Nd4 24. g5 Nh7 25. Bxd4 Rxd4 26. Ne2 Rd8 27. Qe3 Be7 28. h4 Rad6 29. Rad1 f6 30. Rxd6 Rxd6 31. c5 Rc6 32. f4 Bxc5 33. Qg3 exf4 34. Nxf4 Bd6 35. Nc4 fxg5 36. hxg5 Rxc4 37. bxc4 Qe5 38. c5 Qxc5 39. Kh1 Bxf4 40. Qxf4 Qxg5 41. Qxg5 Nxg5 42. Rg1 Nxe4 43. Rxg6+ Kf7 44. Rc6 Nc3 45. Rxc7+ Ke6 46. Rc5 a4 47. a3 b3 48. Rxc3 Kd5 49. Rc7 Kd4 50. Ra7 Kc3 51. Rxa4 Kb2 52. Ra8 Ka2 53. a4 b2 54. Rb8 1-0

[Event "Oberliga Nord N 1415"]
[Site "Germany"]
[Date "2015.02.01"]
[Round "6.4"]
[White "Schulenburg, Fabian"]
[Black "Ochsner, Bjorn Moller"]
[Result "0-1"]
[WhiteElo "2217"]
[BlackElo "2318"]
[PlyCount "100"]
[EventDate "2014.09.21"]
[EventType "team-tourn"]
[EventRounds "9"]
[EventCountry "GER"]
[SourceTitle "EXT 2016"]
[Source "ChessBase"]
[SourceDate "2015.10.08"]
[SourceVersion "1"]
[SourceVersionDate "2015.10.08"]
[SourceQuality "1"]
[WhiteTeam "Hamburg Diogenes"]
[BlackTeam "Preetz"]
[WhiteTeamCountry "GER"]
[BlackTeamCountry "GER"]

1. e4 c5 2. Nf3 d6 3. Bb5+ Bd7 4. Bxd7+ Qxd7 5. c4 g6 6. 0-0 Bg7 7. d4 cxd4 8. Nxd4 Nc6 9. Be3 Nf6 10. f3 0-0 11. Nc3 e6 12. Rc1 Rfd8 13. b3 Ne5 14. Qd2 d5 15. cxd5 exd5 16. exd5 Nxd5 17. Nxd5 Qxd5 18. Rfd1 Rd7 19. Nc2 Nd3 20. Ne1 Nxc1 21. Qxd5 Rxd5 22. Rxd5 Nxa2 23. Ra5 Re8 24. Bf2 Nc1 25. Rxa7 Rxe1+ 26. Bxe1 Bd4+ 27. Bf2 Bxa7 28. Bxa7 Nxb3 29. Kf2 Na5 30. Ke3 f5 31. Kf4 Kf7 32. Bb6 Nc4 33. Bc5 b5 34. h4 Nb2 35. Ke3 Ke6 36. Kd4 Nc4 37. Bb4 Ne5 38. Bd2 b4 39. Bc1 h5 40. Bb2 f4 41. Ke4 Nc4 42. Ba1 Ne3 43. g4 Ng2 44. gxh5 gxh5 45. Bd4 Nxh4 46. Kxf4 Nf5 47. Ba1 h4 48. Kg4 Kd5 49. Bb2 b3 50. Ba1 Kc4 0-1

[Event "Oberliga Nord N 1415"]
[Site "Germany"]
[Date "2015.01.18"]
[Round "5.3"]
[White "Schulenburg, Fabian"]
[Black "Ressler, Eckart"]
[Result "1/2-1/2"]
[WhiteElo "2217"]
[BlackElo "2199"]
[PlyCount "74"]
[EventDate "2014.09.21"]
[EventType "team-tourn"]
[EventRounds "9"]
[EventCountry "GER"]
[SourceTitle "EXT 2016"]
[Source "ChessBase"]
[SourceDate "2015.10.08"]
[SourceVersion "1"]
[SourceVersionDate "2015.10.08"]
[SourceQuality "1"]
[WhiteTeam "Hamburg Diogenes"]
[BlackTeam "Neumuenster Agon"]
[WhiteTeamCountry "GER"]
[BlackTeamCountry "GER"]

1. e4 c6 2. Nc3 d5 3. Nf3 dxe4 4. Nxe4 Nf6 5. Nxf6+ exf6 6. g3 Bd6 7. Qe2+ Be7 8. Bg2 0-0 9. 0-0 Re8 10. d4 Na6 11. Be3 Bg4 12. h3 Bf5 13. a3 Qd7 14. Kh2 Nc7 15. Nh4 Be6 16. f4 Bf8 17. Qd2 Nd5 18. Bg1 f5 19. c4 Nf6 20. b3 Qc7 21. Qc2 g6 22. Nf3 Bg7 23. Ne5 Rad8 24. Rfd1 h5 25. h4 a6 26. Rd2 Ng4+ 27. Kh1 Nxe5 28. dxe5 Rxd2 29. Qxd2 Rd8 30. Qe2 Bf8 31. a4 Qa5 32. Rd1 Rxd1 33. Qxd1 Be7 34. Qd3 Kg7 35. Kh2 Bc5 36. Be3 Bxe3 37. Qxe3 Qb4 1/2-1/2

[Event "Oberliga Nord N 1314"]
[Site "Germany"]
[Date "2014.01.19"]
[Round "5.4"]
[White "Kluenger, Marc"]
[Black "Schulenburg, Fabian"]
[Result "1-0"]
[WhiteElo "2269"]
[BlackElo "2210"]
[PlyCount "77"]
[EventDate "2013.10.13"]
[EventType "team-tourn"]
[EventRounds "9"]
[EventCountry "GER"]
[SourceTitle "EXT 2015"]
[Source "ChessBase"]
[SourceDate "2014.11.20"]
[SourceVersion "1"]
[SourceVersionDate "2014.11.20"]
[SourceQuality "1"]
[WhiteTeam "Pinneberg"]
[BlackTeam "Hamburg Diogenes"]
[WhiteTeamCountry "GER"]
[BlackTeamCountry "GER"]

1. d4 Nf6 2. c4 e6 3. Nc3 d5 4. cxd5 exd5 5. Bg5 Be7 6. e3 0-0 7. Bd3 h6 8. Bh4 c6 9. Nge2 Ne4 10. Bxe7 Qxe7 11. 0-0 Nd7 12. Rb1 a5 13. Qc2 Nd6 14. Ng3 Nb6 15. b3 Re8 16. Rbe1 Be6 17. f3 Red8 18. e4 dxe4 19. fxe4 Ne8 20. Qf2 Qb4 21. d5 Qxc3 22. dxe6 fxe6 23. Qf7+ Kh7 24. Bb1 e5 25. Nf5 Qc5+ 26. Kh1 Rd7 27. Qh5 Rad8 28. Rc1 Qb4 29. Ne3 Qe7 30. Ng4 Qe6 31. Nxe5 Re7 32. Nf7 Rxf7 33. Rxf7 Kg8 34. Rxb7 Nc8 35. Qxa5 Qd6 36. e5 Qd4 37. Qe1 Nb6 38. Be4 Kh8 39. Bxc6 1-0

[Event "Oberliga Nord N 1314"]
[Site "Germany"]
[Date "2013.12.15"]
[Round "4.4"]
[White "Schulenburg, Fabian"]
[Black "Hess, Christian"]
[Result "0-1"]
[WhiteElo "2210"]
[BlackElo "2267"]
[PlyCount "78"]
[EventDate "2013.10.13"]
[EventType "team-tourn"]
[EventRounds "9"]
[EventCountry "GER"]
[SourceTitle "EXT 2015"]
[Source "ChessBase"]
[SourceDate "2014.11.20"]
[SourceVersion "1"]
[SourceVersionDate "2014.11.20"]
[SourceQuality "1"]
[WhiteTeam "Hamburg Diogenes"]
[BlackTeam "Hamburg Koenigsspringer"]
[WhiteTeamCountry "GER"]
[BlackTeamCountry "GER"]

1. e4 c6 2. Nc3 d5 3. Nf3 Bg4 4. h3 Bxf3 5. Qxf3 Nf6 6. Be2 e6 7. 0-0 Nbd7 8. d3 Bd6 9. g3 Qb6 10. Kh1 Qc5 11. Bd1 0-0-0 12. Bd2 dxe4 13. Nxe4 Nxe4 14. Qxe4 Nf6 15. Qe3 Qf5 16. Kg2 Bc5 17. Qf4 Qxf4 18. Bxf4 Nd5 19. Bd2 Rhe8 20. Bf3 h6 21. Rab1 Be7 22. b4 Bg5 23. Be1 Kc7 24. Rb3 Bf6 25. h4 Ne7 26. Bd2 Nf5 27. Bd1 Nd4 28. Rb1 Nb5 29. Rb3 Nd4 30. Rb1 Nb5 31. Bh5 g6 32. Bf3 h5 33. Bf4+ e5 34. Bd2 Nd4 35. Bd1 e4 36. dxe4 Rxe4 37. Re1 Rxe1 38. Bxe1 Nb5 39. c4 Na3 0-1

[Event "Oberliga Nord N 1314"]
[Site "Germany"]
[Date "2013.11.24"]
[Round "3.4"]
[White "Jaeckle, Marco"]
[Black "Schulenburg, Fabian"]
[Result "1-0"]
[WhiteElo "2248"]
[BlackElo "2210"]
[PlyCount "133"]
[EventDate "2013.10.13"]
[EventType "team-tourn"]
[EventRounds "9"]
[EventCountry "GER"]
[SourceTitle "EXT 2015"]
[Source "ChessBase"]
[SourceDate "2014.11.20"]
[SourceVersion "1"]
[SourceVersionDate "2014.11.20"]
[SourceQuality "1"]
[WhiteTeam "Hamburg SF"]
[BlackTeam "Hamburg Diogenes"]
[WhiteTeamCountry "GER"]
[BlackTeamCountry "GER"]

1. e4 d5 2. exd5 Qxd5 3. Nc3 Qa5 4. d4 Nf6 5. Nf3 c6 6. Ne5 Be6 7. a3 Nbd7 8. Nxd7 Bxd7 9. Bd3 Bg4 10. f3 Bh5 11. 0-0 e6 12. Bf4 Be7 13. Ne2 Bg6 14. b4 Qb6 15. c4 0-0 16. Bxg6 hxg6 17. Rb1 Qa6 18. Qb3 b6 19. Bg5 Rfd8 20. Rfd1 Rd7 21. Rdc1 Rad8 22. a4 Qb7 23. c5 Nd5 24. Bxe7 Nxe7 25. b5 bxc5 26. dxc5 Rd2 27. Rc2 Qb8 28. Rxd2 Rxd2 29. Qe3 Qd8 30. b6 Rd1+ 31. Rxd1 Qxd1+ 32. Kf2 axb6 33. cxb6 Qxa4 34. Qc5 Qb3 35. Qxe7 Qxb6+ 36. Kg3 Qb8+ 37. Kh3 Qc8 38. Qc5 Qd7 39. Nc3 e5+ 40. Kg3 Qe6 41. Ne4 f6 42. h4 Kh7 43. Qf8 Qf5 44. Kf2 Qf4 45. g3 Qf5 46. Kg2 Qe6 47. Qd6 Qc4 48. Qc5 Qa2+ 49. Qf2 Qc4 50. Qd2 Qe6 51. Qc2 Qe8 52. h5 Kh8 53. hxg6 Qxg6 54. Qxc6 Qf7 55. Nd6 Qa2+ 56. Kh3 Qe6+ 57. g4 Qb3 58. Nf5 Qd1 59. Ng3 Qa1 60. Qc8+ Kh7 61. Qf5+ Kh8 62. g5 fxg5 63. Kg4 Qe1 64. Kh5 Qb4 65. Ne4 g4 66. Qc8+ Kh7 67. Ng5# 1-0